|
|
|
|
| LEADER |
03068nam a22005055i 4500 |
| 001 |
978-1-59745-002-7 |
| 003 |
DE-He213 |
| 005 |
20150519181352.0 |
| 007 |
cr nn 008mamaa |
| 008 |
100301s2007 xxu| s |||| 0|eng d |
| 020 |
|
|
|a 9781597450027
|9 978-1-59745-002-7
|
| 024 |
7 |
|
|a 10.1007/978-1-59745-002-7
|2 doi
|
| 040 |
|
|
|d GrThAP
|
| 050 |
|
4 |
|a RC681-688.2
|
| 072 |
|
7 |
|a MJD
|2 bicssc
|
| 072 |
|
7 |
|a MED010000
|2 bisacsh
|
| 082 |
0 |
4 |
|a 616.12
|2 23
|
| 245 |
1 |
0 |
|a Handbook Of Complex Percutaneous Carotid Intervention
|h [electronic resource] /
|c edited by Jacqueline Saw, J. Emilio Exaire, David S. Lee, Jay S. Yadav.
|
| 264 |
|
1 |
|a Totowa, NJ :
|b Humana Press,
|c 2007.
|
| 300 |
|
|
|a XIV, 334 p. 180 illus.
|b online resource.
|
| 336 |
|
|
|a text
|b txt
|2 rdacontent
|
| 337 |
|
|
|a computer
|b c
|2 rdamedia
|
| 338 |
|
|
|a online resource
|b cr
|2 rdacarrier
|
| 347 |
|
|
|a text file
|b PDF
|2 rda
|
| 490 |
1 |
|
|a Contemporary Cardiology
|
| 505 |
0 |
|
|a Clinical Experience -- Epidemiology and Significance of Carotid Artery Stenosis -- Medical Therapy for Carotid Artery Stenosis -- Carotid Endarterectomy -- Carotid Angioplasty and Stenting Trials -- Cerebrovascular Anatomy -- Noninvasive Imaging of the Carotid Artery -- Cerebrovascular Angiography -- Indications for Carotid Artery Stenting -- Techniques of Carotid and Vertebral Artery Stenting -- The Approach to Extracranial Carotid Artery Stenting -- Equipment for Extracranial Carotid Artery Stenting -- Emboli Protection Devices -- Complications of Carotid Artery Stenting -- The Approach to Intracranial Carotid Artery Intervention -- The Approach to Intracranial and Extracranial Vertebral Artery Stenting -- Endovascular Treatment of Acute Ischemic Stroke -- Challenging Case Illustrations And Pearls -- Case: Left Carotid Artery Stenting with a Challenging Type III Aortic Arch -- Case: Stenting of a Tortuous Left Internal Carotid Artery -- Case: Stenting of a Critical Internal Carotid Artery Stenosis With String Sign -- Case: Stenting of a Carotid Endarterectomy Patch Restenosis and Aneurysm -- Case: Carotid Stenting With Slow Flow and Distal Embolization -- Case: Acute Stroke Intervention With a Large Thrombotic Burden -- Case: Left Internal Carotid Artery Stenting in a Bovine Aortic Arch -- Case: Right Carotid Artery Stenting via Right Brachial Artery Approach -- Case: Ostial Innominate Artery Intervention.
|
| 650 |
|
0 |
|a Medicine.
|
| 650 |
|
0 |
|a Cardiology.
|
| 650 |
|
0 |
|a Neurology.
|
| 650 |
|
0 |
|a Neurosurgery.
|
| 650 |
1 |
4 |
|a Medicine & Public Health.
|
| 650 |
2 |
4 |
|a Cardiology.
|
| 650 |
2 |
4 |
|a Neurology.
|
| 650 |
2 |
4 |
|a Neurosurgery.
|
| 700 |
1 |
|
|a Saw, Jacqueline.
|e editor.
|
| 700 |
1 |
|
|a Exaire, J. Emilio.
|e editor.
|
| 700 |
1 |
|
|a Lee, David S.
|e editor.
|
| 700 |
1 |
|
|a Yadav, Jay S.
|e editor.
|
| 710 |
2 |
|
|a SpringerLink (Online service)
|
| 773 |
0 |
|
|t Springer eBooks
|
| 776 |
0 |
8 |
|i Printed edition:
|z 9781588296054
|
| 830 |
|
0 |
|a Contemporary Cardiology
|
| 856 |
4 |
0 |
|u http://dx.doi.org/10.1007/978-1-59745-002-7
|z Full Text via HEAL-Link
|
| 912 |
|
|
|a ZDB-2-SME
|
| 950 |
|
|
|a Medicine (Springer-11650)
|